| 000 | 00900nam a22001815i 4500 | ||
|---|---|---|---|
| 001 | 163671 | ||
| 003 | ES-MaACL | ||
| 005 | 20250801091111.0 | ||
| 008 | 970318s1840 sp |||| | spa d | ||
| 100 | 1 |
_aRoca y Cornet, Joaquín, _d1804-1873 _9131904 |
|
| 245 | 1 | 0 |
_aImportancia moral, literaria y económica de una colección escogida de los autores mas célebres de la docta antigüedad traducidos en nuestro idioma : _bmemoria que en la sesión de 5 de marzo de 1840, celebrada por la Academia de Buenas Letras de Barcelona / _cleyó Joaquín Roca y Cornet. |
| 260 |
_aBarcelona : _b[s.n.], _c1840 ( _fImp. de José Taula) |
||
| 300 |
_a16 p. ; _c21 cm. |
||
| 650 | 7 |
_aLiteratura clásica _2embne _914524 |
|
| 710 | 2 |
_aReial Acadèmia de Bones Lletres de Barcelona. _9176228 |
|
| 852 | 4 |
_aES-MaACL _jT-11-F-15 _z- Enc. hol. _z- Enc. en un vol. facticio |
|
| 999 |
_c163671 _d163671 |
||